[Event "GCT Croatia Blitz 2021"]
[Site "Zagreb"]
[Date "2021.07.11"]
[Round "10"]
[White "Kasparov, Garry"]
[Black "Van Foreest, Jorden"]
[Result "1-0"]
[WhiteElo "2812"]
[BlackElo "2688"]
[Annotator "TA"]
[PlyCount "81"]
[EventDate "2021.07.10"]
[EventType "tourn"]
[EventCountry "CRO"]
[SourceTitle "playchess.com"]
[Source "ChessBase"]
[SourceQuality "1"]

{[%evp 14,81,0,-6,22,18,20,27,35,26,50,54,60,49,80,74,281,21,30,34,21,32,33,22,
58,54,38,0,0,0,0,3,1,4,9,0,62,70,93,61,127,73,92,97,226,210,210,116,264,179,
426,295,1511,284,462,447,484,376,393,398,416,365,347,125,628,621,1159,1149,
29990,1039]} 1. e4 e5 2. Nf3 Nc6 3. d4 exd4 4. Nxd4 Nf6 5. Nxc6 bxc6 6. e5 Qe7
7. Qe2 Nd5 8. c4 Qb4+ {C45: Scotch Game.} 9. Nd2 Nf4 10. Qe3 Ng6 {White has an
edge.} 11. Bd3 Bc5 12. Qg3 O-O 13. O-O d6 {[#]} 14. Nb3 $146 {aiming for Bd2.}
({Predecessor:} 14. exd6 Bxd6 15. f4 Bf5 16. Nb3 Bxd3 17. Qxd3 Rfe8 18. Bd2 Qa4
19. Kh1 Rad8 20. Qc3 Re4 21. Na5 Bxf4 22. Bxf4 Rxf4 23. Rxf4 Nxf4 24. b3 {
0-1 (24) Sadeghi,S (2164)-Filippov,A (2472) Teheran 2004}) 14... Nxe5 $2 {[#]}
(14... dxe5 $16 15. Bd2 Qb6) 15. a3 $1 Qb6 $11 16. Nxc5 Qxc5 {[#]} 17. Be3 Qa5
{[#]} 18. b4 $1 Qa4 (18... Qa6 19. Bd4) 19. Bd4 {Black must now prevent f4.} f6
20. Bxe5 (20. Rae1 {looks sharper.} c5 21. Be4 cxd4 22. Bd5+ Kh8 23. Bxa8 Ba6
24. Bd5) 20... fxe5 21. f4 $40 {[%mdl 128] Black needs to defend precisely.}
Bf5 22. fxe5 Bxd3 23. Qxd3 {And now e6 would win.} dxe5 24. Qd7 Qb3 (24... a5
$11) 25. Qxc6 $14 {Strongly threatening Qd5+.} Qe3+ 26. Kh1 Kh8 (26... Qd3 $14
27. Rfe1 e4) 27. Rfe1 (27. h3 $142) 27... Qc3 28. Qxc7 Rac8 (28... e4 $16) 29.
Qxa7 $18 Rxc4 30. h3 (30. b5 $18) 30... Rcf4 (30... h6 $16 {was necessary.} 31.
b5 Qg3) 31. Qc5 Qb2 (31... Qxc5 32. bxc5 Kg8) 32. Qxe5 Qb3 {[#]} (32... Rf1+
33. Rxf1 Qxa1 34. Rxa1 Kg8 35. Rc1 g6 36. Rc7 Rf1+ 37. Kh2) (32... Qf2 33. Qe3
Qxe3 34. Rxe3 Kg8) 33. Qe3 $2 (33. Qxf4 $3 {[%mdl 512]} Rxf4 (33... Kg8 34. Qe5
) 34. Re8+ Qg8 35. Rxg8+ Kxg8 36. b5) 33... Qc4 $2 (33... Rf1+ $2 34. Rxf1 Qg8
35. Rxf8 $18) (33... Qxe3 34. Rxe3 Kg8) 34. Rac1 Qf7 35. Qg3 h6 36. b5 Qd5 37.
a4 Rxa4 38. Rb1 (38. b6 $18 {is more deadly. Hoping for Re7.} Rb4 39. Red1)
38... Rf5 $2 {[%mdl 8192]} (38... Raf4 $16 39. b6 Rf3) 39. b6 ({Weaker is} 39.
Re7 Rg5 $16) 39... Rg5 {[#]} 40. b7 $1 {[%mdl 512]} Qxb7 {[#]} (40... Rxg3 41.
b8=Q+) 41. Qxg5 $3 {[%mdl 512] Weighted Error Value: White=0.60/Black=0.92} 1-0

[Event "GCT Croatia Blitz 2021"]
[Site "Zagreb"]
[Date "2021.07.11"]
[Round "10"]
[White "Mamedyarov, Shakhriyar"]
[Black "Vachier-Lagrave, Maxime"]
[Result "1/2-1/2"]
[WhiteElo "2782"]
[BlackElo "2749"]
[Annotator "TA"]
[PlyCount "153"]
[EventDate "2021.07.10"]
[EventType "tourn"]
[EventCountry "CRO"]
[SourceTitle "playchess.com"]
[Source "ChessBase"]
[SourceQuality "1"]

{[%evp 23,152,0,23,0,0,7,0,0,0,0,8,14,7,6,12,0,0,0,0,0,0,0,9,0,0,0,0,0,13,13,
53,31,31,31,72,54,54,54,54,54,54,54,72,72,72,72,72,72,93,72,72,72,72,72,72,72,
72,72,72,72,72,72,72,72,72,72,93,93,93,93,93,93,93,93,93,93,93,93,93,93,93,93,
93,93,93,93,93,93,93,93,93,93,93,93,93,93,93,93,93,93,93,93,93,93,93,93,93,93,
93,93,93,0,93,93,93,93,93,93,93,0,0,0,0,0,0,0,0,0,0,0,0]} 1. d4 Nf6 2. c4 g6 3.
Nc3 d5 4. cxd5 Nxd5 5. e4 Nxc3 6. bxc3 Bg7 7. Nf3 c5 8. Rb1 O-O 9. Be2 cxd4 10.
cxd4 Qa5+ 11. Bd2 Qxa2 12. O-O Bg4 13. Rxb7 {13.Be3 is the recent fashion. D85:
Exchange Grünfeld: Unusual White 7th moves and lines with 7 Nf3.} Bxf3 14. Bxf3
Bxd4 15. Bg5 Rd8 16. Qc1 ({Not} 16. Bxe7 $2 {[#]} Bxf2+ $1 {[%mdl 512]} 17.
Rxf2 Rxd1+ 18. Bxd1 Qa1 $19) (16. Rxe7 $2 Nc6 $19) 16... Na6 17. Bxe7 {[#]
Black must now prevent e5.} Rac8 18. Qf4 Nc5 19. Bxd8 Nxb7 20. Bf6 Bxf6 21.
Qxf6 Nc5 22. h4 Qe6 23. Qa1 (23. Qxe6 {is interesting.} Nxe6 24. Ra1 Nc5 25.
Rxa7 Re8 26. g4) 23... Nb3 24. Qxa7 Nd2 25. Rd1 {[#]} Nxf3+ $146 ({Predecessor:
} 25... Rd8 26. Qe3 Nxf3+ 27. Qxf3 Rxd1+ 28. Qxd1 Qxe4 29. Qd8+ Kg7 30. g3 Qe1+
31. Kg2 Qe4+ 32. Kg1 {1/2-1/2 (32) Halkias,S (2543)-Pavlidis,A (2536) Achaia
2016}) 26. gxf3 $11 {[%mdl 4096] Endgame KQR-KQR} Qh3 (26... Qf6 {feels hotter.
} 27. Qd7 Ra8 28. Qg4 Ra5 29. Kg2 Rh5) 27. Qd7 (27. Qa6 {seems wilder.} Kg7 28.
Qa1+ f6 29. Qa7+ Kg8 30. Qd7) 27... Qxd7 28. Rxd7 $14 {KR-KR} h5 29. Kg2 Rc4
30. Kg3 Ra4 31. Rd1 Kg7 32. Re1 Kf6 33. f4 Ra3+ 34. f3 Ra5 35. Rd1 Ke7 36. Rb1
Ke6 37. Rb7 Kf6 38. Rb6+ Ke7 39. Rb2 Ke6 40. Kf2 Kf6 41. Rb1 Ra2+ 42. Kg3 Ra5
43. Rb8 Ke7 44. Rh8 Kf6 45. f5 Kg7 46. Rd8 gxf5 47. Rd5 Ra6 48. Rxf5 Kg6 49.
Rg5+ Kh6 50. Kf4 {Strongly threatening Kf5.} f6 51. Rg8 (51. Rd5 {is more
complex.} Ra3 52. Kg3 Kg6 53. Rd6 Kf7 54. Kf4) 51... Ra3 52. Rg3 {Threatens to
win with Kf5.} Ra5 53. Rg1 Ra3 54. Rg2 Ra5 55. Rd2 Kg6 56. Rd6 Rb5 57. Ra6 Rc5
58. Ra1 Rb5 59. Rg1+ Kf7 60. Rd1 {And now Rd5 would win.} Kg6 61. Ke3 Rb3+ 62.
Rd3 Rb1 63. Kf2 Rb2+ 64. Kg3 Rb4 65. Rd6 Kf7 66. Kf4 Kg6 67. Kg3 Kf7 $1 68. Rc6
Ra4 69. Rc7+ Kg6 70. Re7 Rb4 71. f4 (71. Re8 $16) 71... Rb3+ $11 {The position
is equal.} 72. Kf2 Rh3 73. f5+ Kh6 74. Rf7 Rf3+ 75. Ke2 Re3+ 76. Kd2 Rd3+ 77.
Kxd3 {Weighted Error Value: White=0.02/Black=0.04} 1/2-1/2

[Event "GCT Croatia Blitz 2021"]
[Site "Zagreb"]
[Date "2021.07.11"]
[Round "10"]
[White "Anand, Viswanathan"]
[Black "Giri, Anish"]
[Result "1/2-1/2"]
[WhiteElo "2753"]
[BlackElo "2776"]
[Annotator "TA"]
[PlyCount "89"]
[EventDate "2021.07.10"]
[EventType "tourn"]
[EventCountry "CRO"]
[SourceTitle "playchess.com"]
[Source "ChessBase"]
[SourceQuality "1"]

{[%evp 11,89,10,18,18,28,20,27,22,17,18,18,13,14,18,12,11,15,3,8,10,22,0,0,0,0,
0,0,0,0,0,20,7,15,7,20,12,22,24,20,22,54,64,90,27,60,8,23,0,191,206,334,334,
442,444,450,447,454,438,484,455,529,545,535,500,420,197,197,185,183,176,139,22,
26,0,0,0,27,0,0,0]} 1. e4 e5 2. Nf3 Nc6 3. Bc4 Nf6 4. d3 Bc5 5. c3 d6 6. O-O a6
7. a4 {C54: Giuoco Piano: 4 c3 Nf6, main lines with 5 d4 and 5 d3.} Ba7 8. Re1
O-O 9. h3 {White has an edge.} h6 10. Nbd2 Re8 11. b4 $1 {[%cal Bb2b4,Bb4b5]
[%mdl 32] 11.b4 scores better than 11.Nf1.} Be6 12. Bxe6 Rxe6 13. Qc2 Qd7 14.
Rb1 (14. Nf1 d5 15. Ng3 Rd8 16. Bb2 b5 17. axb5 axb5 18. Rad1 dxe4 19. dxe4 Rd6
20. Rxd6 cxd6 21. Bc1 Ne7 22. Be3 Bxe3 23. Rxe3 {0-1 (52) Anand,V (2757)-Giri,
A (2776) Kolkata 2019}) 14... Rd8 15. b5 Ne7 16. Nc4 Ng6 {[#]} 17. Be3 $5 $146
{[%mdl 8] An interesting novelty.} ({Predecessor:} 17. b6) 17... Bxe3 18. Nxe3
axb5 19. axb5 Ree8 20. c4 Ra8 21. Nd5 Nxd5 22. cxd5 Rec8 23. d4 Ra3 24. Rb3
Rxb3 25. Qxb3 exd4 26. Nxd4 Re8 27. f3 (27. Qc3 $16) 27... Qe7 28. Qe3 (28. Nf5
$14 Qg5 29. Qb2) 28... Ra8 29. Rc1 Ra2 $2 (29... Qe5 $11) 30. Nf5 $1 $18 {
[%cal Rf5e7]} Qe5 (30... Qf6 $142 31. Qc3 Ne5) 31. Qc3 Qxc3 32. Rxc3 {[%mdl
4096] Endgame KRN-KRN} Nf4 33. Rxc7 Rxg2+ 34. Kf1 Rb2 35. Rxb7 Nxh3 36. Nxd6
Ng5 37. f4 Nf3 {intending ...Rd2.} 38. Nxf7 (38. Rb8+ $142 Kh7 39. Nxf7 Nd2+
40. Kf2 Nxe4+ 41. Ke3) 38... Nd2+ 39. Ke1 Nxe4 {[#]} 40. d6 $1 {[%cal Rd6d7]}
Nc5 {[#]} 41. Rc7 (41. Re7 $1 $16) 41... Nd3+ $1 $11 42. Kd1 {Strongly
threatening Ne5.} Nf2+ 43. Ke1 {Threatens to win with Ne5.} Nd3+ 44. Kd1 {
Ne5 is the strong threat.} Nf2+ 45. Ke1 {Weighted Error Value: White=0.20/
Black=0.23} 1/2-1/2

[Event "GCT Croatia Blitz 2021"]
[Site "Zagreb"]
[Date "2021.07.11"]
[Round "10"]
[White "Duda, Jan-Krzysztof"]
[Black "Grischuk, Alexander"]
[Result "0-1"]
[WhiteElo "2738"]
[BlackElo "2778"]
[Annotator "TA"]
[PlyCount "80"]
[EventDate "2021.07.10"]
[EventType "tourn"]
[EventCountry "CRO"]
[SourceTitle "playchess.com"]
[Source "ChessBase"]
[SourceQuality "1"]

{[%evp 12,80,15,20,28,20,19,28,25,14,40,22,13,0,5,0,0,0,6,-39,9,5,19,2,3,0,0,
-4,0,-20,-24,-25,0,-29,0,0,0,-17,0,-25,43,-30,-26,-26,-21,-25,-7,-19,0,-15,0,
-60,-62,-62,-70,-103,-99,-144,-89,-242,-43,-52,-38,-111,-109,-157,-168,-550,
-550,-550,-542]} 1. e4 e5 2. Nf3 Nc6 3. Bc4 Bc5 4. c3 Nf6 5. d3 d6 6. O-O O-O
7. Bg5 {7.Re1 is becoming the main line.} a6 {C54: Giuoco Piano: 4 c3 Nf6,
main lines with 5 d4 and 5 d3.} 8. a4 Ba7 9. Nbd2 {[#]} Kh8 $1 $146 {[%mdl 8]
White has an edge. A top novelty.} ({Predecessor:} 9... Qe7 10. Re1 Nd8 11. Nf1
Ne6 12. Be3 Bxe3 13. Nxe3 c6 14. g3 Qc7 15. a5 Rd8 {0-1 (42) Robson,R (2670)
-Sevian,S (2591) Saint Louis 2016}) 10. b4 Ne7 11. b5 Ng6 12. bxa6 bxa6 13. d4
h6 14. Be3 Ng4 15. a5 c6 16. Bd3 Bb8 17. Nc4 Nxe3 18. fxe3 Bc7 19. Qe2 Rb8 20.
Ra2 Be6 21. Rfa1 Rb5 22. Ra4 Rb3 23. Qc2 Rb8 24. Ncd2 Ra8 25. Nf1 Nh4 (25...
Ra7 $11) 26. N1d2 (26. Nxh4 $1 $14 Qxh4 27. d5) 26... Nxf3+ $11 27. Nxf3 Bg4
28. Qe2 Qc8 29. h3 Be6 30. Nd2 d5 31. Bc2 (31. Nf3 $11) 31... f5 $15 32. exf5
Bxf5 33. e4 Bh7 34. Bd3 Qd7 (34... exd4 $142 35. cxd4 dxe4 36. Bxe4 Qe6) 35.
exd5 $2 (35. Nf3 $17 {keeps fighting.}) 35... Bxd3 $2 (35... e4 $1 $19 36. Bxe4
Rae8) 36. Qxd3 Qxd5 37. Rc4 ({White should play} 37. Qe4 $15) 37... exd4 $17 ({
Avoid the trap} 37... Bxa5 $2 38. Rc5 $18) 38. cxd4 {[#]} Qd6 $1 {[%csl Gc7]
[%cal Rd6h2]} ({Worse is} 38... Bxa5 39. Rc5 $16) 39. Nf3 {[#]} (39. g3) 39...
Rxf3 $1 $19 {[%mdl 576] Clearance} 40. Qxf3 {Threatens to win with g3.} Rf8 {
Weighted Error Value: White=0.38/Black=0.21} 0-1

[Event "GCT Croatia Blitz 2021"]
[Site "Zagreb"]
[Date "2021.07.11"]
[Round "10"]
[White "Korobov, Anton"]
[Black "Nepomniachtchi, Ian"]
[Result "0-1"]
[WhiteElo "2683"]
[BlackElo "2792"]
[Annotator "TA"]
[PlyCount "96"]
[EventDate "2021.07.10"]
[EventType "tourn"]
[EventCountry "CRO"]
[SourceTitle "playchess.com"]
[Source "ChessBase"]
[SourceQuality "1"]

{[%evp 23,96,8,0,-17,-9,-17,-13,-20,-15,-17,-7,-9,-19,-33,-22,-23,-32,-21,-31,
-39,-41,-52,-61,-54,-45,-37,-31,-27,-31,-25,0,-6,0,-19,-14,-38,-36,-47,-32,-35,
-31,-128,-116,-122,-127,-126,-89,-84,-87,-337,-347,-388,-388,-388,-388,-388,
-388,-388,-388,-430,-430,-430,-430,-493,-477,-592,-584,-776,-756,-955,-868,
-1128,-1108,-5708,-5708]} 1. d4 Nf6 2. c4 e6 3. Nf3 d5 4. Nc3 Bb4 5. e3 O-O 6.
Bd3 dxc4 7. Bxc4 c5 8. O-O cxd4 9. exd4 b6 10. Bg5 Bb7 11. Re1 Nbd7 12. Rc1 Rc8
13. Bd3 {E54: Nimzo-Indian: Rubinstein: Main Line: 7...dxc4 8 Bxc4.} h6 {
13...Re8 is vanishing.} 14. Bh4 Be7 15. Bb1 {The position is equal.} Re8 16.
Qd3 Nf8 17. Ne5 Nh5 18. Bg3 Nxg3 19. hxg3 Bb4 20. a3 Bxc3 21. bxc3 Qd5 {
[%csl Gb7][%cal Rd5g2] [#]} 22. Nf3 $146 ({Predecessor:} 22. Qf1 Qb3 23. Re3
Qxa3 24. Bd3 Qd6 25. Ra1 a5 26. Bb5 Red8 27. Rb1 Qc7 28. Qe2 {0-1 (40) Vargas,
R-Diaz,H (2014) ICCF email 2016}) 22... Qb3 23. c4 Qxd3 24. Bxd3 Bxf3 25. gxf3
Red8 26. Red1 Nd7 27. f4 Kf8 28. Kf1 Nf6 29. Bb1 Rc7 30. Rd2 Ne8 31. Ke2 Nd6
32. Bd3 {[#]} (32. c5 $15) 32... Nb5 $1 $17 {[%cal Rb5d4][%mdl 576] Double
Attack, Pin} 33. Ke3 Nxd4 {Threatens to win with ...Nb3.} ({Not} 33... Rxd4 $2
34. a4 $18) 34. Be4 Nc6 35. c5 {Black must now prevent cxb6.} Rxd2 36. cxb6 $2
{Now White is beyond hope.} (36. Kxd2 $17 {only move.} bxc5 37. Rxc5 Rd7+ 38.
Ke3) 36... Rcd7 $19 ({Less strong is} 36... axb6 37. Kxd2 Rd7+ 38. Kc3 $17) 37.
b7 Nb8 38. Rc8+ {[#]} Rd8 $1 39. Rxb8 Rxb8 40. Kxd2 {[%mdl 4096] Endgame KR-KB}
Ke7 41. Kc3 Kd6 {Black is clearly winning.} 42. Kd4 Rd8 43. g4 Kc7+ 44. Ke5 Rd2
45. f3 Ra2 46. b8=Q+ Kxb8 47. Kd6 Rxa3 48. Ke7 f5 {Weighted Error Value:
White=0.64/Black=0.03} 0-1

[Event "GCT Croatia Blitz 2021"]
[Site "Zagreb"]
[Date "2021.07.10"]
[Round "11"]
[White "Nepomniachtchi, Ian"]
[Black "Mamedyarov, Shakhriyar"]
[Result "0-1"]
[WhiteElo "2792"]
[BlackElo "2782"]
[Annotator "TA"]
[PlyCount "88"]
[EventDate "2021.07.10"]
[EventType "tourn"]
[EventCountry "CRO"]
[SourceTitle "playchess.com"]
[Source "ChessBase"]
[SourceQuality "1"]

{[%evp 13,88,14,16,8,8,12,7,0,18,-15,-17,-30,0,-8,-15,-23,0,-43,5,-48,-82,-92,
-104,-97,-92,-96,-103,-90,-99,-99,-83,-97,-93,-103,-112,-110,-116,-148,-152,
-163,-163,-245,-232,-266,-266,-334,-320,-295,-294,-223,-70,-70,-54,-202,-202,
-169,-202,-174,-149,-150,-47,-298,-286,-629,-506,-791,-687,-985,-979,-973,-943,
-953,-925,-1645,-1256,-29978,-29978]} 1. c4 Nf6 2. g3 g6 3. Bg2 Bg7 4. Nc3 O-O
5. d4 c5 6. Nf3 d5 7. dxc5 {The main line 7.dxc5 scores better than 7.cxd5.}
Qa5 8. cxd5 {D74: Fianchetto Grünfeld: Main Line (5 Nf3 0-0 6 cxd5 Nxd5 7 0-0).
} Nxd5 9. Qxd5 Bxc3+ 10. Bd2 {The position is equal.} Rd8 11. Qxd8+ Qxd8 12.
Bxc3 Nc6 13. O-O Qd5 14. b4 Qc4 {[#]} 15. Rfc1 $146 ({Predecessor:} 15. Rac1
Qxe2 16. a4 Qa2 17. b5 Nd8 18. Ra1 Qe2 19. Rfe1 Qc4 20. Ba5 Bf5 21. Rec1 {
1-0 (48) Mortensen,V (2413)-De Oliveira,M (2551) ICCF email 2003}) 15... Bf5
16. a4 ({White should try} 16. Bf1 $11) 16... Nxb4 $15 {Threatens to win with .
..Nc2.} 17. Nd2 Qxc5 18. Nb3 Qd6 {aiming for ...Nc2.} 19. Rd1 {[#]} Qe6 {
[%cal Re6b3]} 20. Bxb4 Qxb3 21. Bxe7 Qe6 22. Bg5 Be4 23. Bxe4 Qxe4 24. e3 Qf5
25. Be7 Re8 26. Bd6 g5 27. a5 (27. Rd4 {keeps fighting.}) 27... h5 $19 28. Rd4
Re4 29. Bc5 h4 30. Rd8+ Kh7 31. Bd4 Rxd4 $2 32. Rxd4 {[%mdl 4096] Endgame
KQ-KRR} h3 {...Qf3 is the strong threat.} 33. Rad1 ({Better is} 33. Kf1 $15)
33... Qf3 {[%csl Gh3][%cal Rf3g2]} 34. Kf1 Qg2+ 35. Ke2 Qxh2 36. Rd7 {[#]
Black must now prevent a6.} Kg6 (36... Kg7 $1 $17 {Hoping for ...Qg2.} 37. R1d5
(37. Rxb7 $2 Qg2 $19) 37... Kg6) 37. Rxb7 $2 {[%mdl 8192]} (37. a6 $15 bxa6 38.
R7d6+ Kg7 39. R1d5) 37... Qg2 38. Rd6+ $2 (38. Rb8) 38... f6 39. Rb1 (39. Rxa7
$142 h2 40. Rd1) 39... g4 40. Rd4 Qf3+ 41. Kd3 Qf5+ 42. Re4 h2 43. Rh1 Qd5+ 44.
Rd4 Qxh1 {Weighted Error Value: White=0.95/Black=0.09} 0-1

[Event "GCT Croatia Blitz 2021"]
[Site "Zagreb"]
[Date "2021.07.10"]
[Round "11"]
[White "Grischuk, Alexander"]
[Black "Kasparov, Garry"]
[Result "1-0"]
[WhiteElo "2778"]
[BlackElo "2812"]
[Annotator "TA"]
[PlyCount "47"]
[EventDate "2021.07.10"]
[EventType "tourn"]
[EventCountry "CRO"]
[SourceTitle "playchess.com"]
[Source "ChessBase"]
[SourceQuality "1"]

{[%evp 16,47,7,0,13,0,4,13,18,15,22,20,24,26,32,34,21,25,27,16,150,152,183,190,
240,231,231,188,213,192,185,185,180,178]} 1. d4 Nf6 2. c4 g6 3. Nc3 d5 4. cxd5
Nxd5 5. e4 Nxc3 6. bxc3 Bg7 7. Nf3 c5 8. h3 O-O 9. Be2 cxd4 {D85: Exchange
Grünfeld: Unusual White 7th moves and lines with 7 Nf3.} 10. cxd4 Nc6 {[%cal
Rc6d4]} 11. Be3 f5 {The position is equal.} 12. Bc4+ Kh8 13. O-O fxe4 14. Ng5
Nxd4 15. Nf7+ Rxf7 $1 16. Bxf7 Qd6 {[#]} 17. Re1 $5 $146 {[%mdl 8] New and
interesting.} ({Predecessor:} 17. Rc1 Bd7 18. Qd2 Rf8 19. Rfd1 e5 20. Bc4 Bc6
21. Bf1 Qe7 22. Rc4 Qf6 23. Bg5 Qf7 24. Be3 Qf6 25. Bg5 Qf7 26. Be3 Qf6 {
1/2-1/2 (26) Rakhmanov,A (2629)-Esipenko,A (2620) Sochi 2019}) 17... Bxh3 18.
Bxd4 $16 {[%mdl 64] [#] Discovered Attack. White is clearly better.} (18. gxh3
$2 Nf3+ 19. Kf1 Qh2 $19) 18... Bxd4 19. Rxe4 ({But not} 19. gxh3 $2 Qg3+ 20.
Kh1 Qxh3+ 21. Kg1 Be5 $19) 19... e5 {Threatens to win with ...Bf5.} 20. gxh3 ({
Much less strong is} 20. Rxd4 $6 exd4 21. gxh3 Rf8) 20... Rf8 21. Rxd4 exd4 22.
Bc4 ({And not} 22. Qf3 Qe7 $17) 22... Qf4 23. Qe2 Qg5+ 24. Qg4 {Weighted Error
Value: White=0.06/Black=0.23} 1-0

[Event "GCT Croatia Blitz 2021"]
[Site "Zagreb"]
[Date "2021.07.10"]
[Round "11"]
[White "Vachier-Lagrave, Maxime"]
[Black "Giri, Anish"]
[Result "1-0"]
[WhiteElo "2749"]
[BlackElo "2776"]
[Annotator "TA"]
[PlyCount "89"]
[EventDate "2021.07.10"]
[EventType "tourn"]
[EventCountry "CRO"]
[SourceTitle "playchess.com"]
[Source "ChessBase"]
[SourceQuality "1"]

{[%evp 15,89,0,14,4,13,3,9,4,38,43,38,53,52,26,22,14,16,14,6,11,18,10,52,47,43,
46,116,74,143,111,191,195,189,143,168,170,170,156,225,217,247,254,245,247,268,
288,284,254,284,262,410,399,593,581,783,772,722,733,1100,1099,1253,1165,1639,
1559,1977,1871,29976,29976,29985,29986,29983,29984,29989,29990,29990,29991]} 1.
c4 Nf6 2. Nc3 e5 3. Nf3 Nc6 4. g3 d5 5. cxd5 Nxd5 6. Bg2 Bc5 7. O-O O-O 8. d3
h6 9. Nxd5 {A29: English Opening: Four Knights Variation with 4 g3.} Qxd5 10.
Bd2 {[#]} a5 $146 ({Predecessor:} 10... Rd8 11. Bc3 Qe6 12. Nd2 a5 13. Rc1 Ra6
14. Qb3 Qe7 15. Bxc6 Rxc6 16. Bxa5 Ra6 {0-1 (28) Wang,H (2763)-Giri,A (2764)
Chess.com INT 2020}) 11. Bc3 {The position is equal.} Qd6 {[#]} 12. Nxe5 $1
Bxf2+ 13. Rxf2 Nxe5 {[%cal Bc6e5,Be5g4,Bg4e3][%mdl 32]} 14. Qa4 Ng4 15. Rf4 Ne3
16. Bf3 {Hoping for Qe4.} Nd5 17. Qd4 {[%csl Gc3][%cal Rd4g7]} Nxc3 18. bxc3
$40 {[%mdl 128] White is up to no good.} Rd8 19. Qxd6 Rxd6 20. Rb1 Rb8 {
Black is on the road to losing.} (20... Ra7 $14) 21. Ra4 Ra6 ({Black should
play} 21... b6) 22. Rd4 Be6 (22... Rd6 $16) 23. Rxb7 $18 Rxb7 24. Bxb7 {
[%mdl 4096] Endgame KRB-KRB} Rb6 25. Rd8+ Kh7 26. Bd5 Bxd5 (26... Rb2 $16) 27.
Rxd5 $16 {KR-KR} Rb2 {[#]} 28. Kf2 ({Don't take} 28. Rxa5 $6 Rxe2 29. a4 Ra2
$16) 28... Rxa2 29. Rc5 a4 30. Rxc7 Kg6 31. Ra7 a3 32. c4 {[%cal Bc3c4,Bc4c5]
[%mdl 32]} Ra1 (32... Kf6 $142 33. Ke3 Ke6) 33. Ke3 $18 h5 (33... Kf6 $142 34.
Kd4 Ke6) 34. c5 Kf6 35. Kd4 Ra2 36. e4 Rxh2 37. Rxa3 Rc2 38. Kd5 g5 39. d4 h4
40. g4 Kg6 41. c6 {White mates.} f6 42. Kd6 Rc4 43. c7 Rxd4+ 44. Kc5 Rd1 45.
Rc3 {Weighted Error Value: White=0.08/Black=0.54} 1-0

[Event "GCT Croatia Blitz 2021"]
[Site "Zagreb"]
[Date "2021.07.10"]
[Round "11"]
[White "Duda, Jan-Krzysztof"]
[Black "Anand, Viswanathan"]
[Result "1/2-1/2"]
[WhiteElo "2738"]
[BlackElo "2753"]
[Annotator "TA"]
[PlyCount "92"]
[EventDate "2021.07.10"]
[EventType "tourn"]
[EventCountry "CRO"]
[SourceTitle "playchess.com"]
[Source "ChessBase"]
[SourceQuality "1"]

{[%evp 14,92,0,-11,0,-7,-11,-62,-55,-64,-47,-55,-50,-52,-35,-49,-38,-110,-130,
-202,-204,-209,-184,-291,-300,-330,-331,-648,-260,-293,-275,-278,-189,-248,
-225,-408,-202,-198,-209,-196,-168,-145,-150,-497,-488,-487,-464,-449,-342,
-335,-339,-371,-366,-431,-116,-114,-114,-162,-139,-137,-138,-187,-178,-518,
-474,-993,-980,-1083,-1070,-690,-404,-29990,-29991,-29991,0,0,0,0,0,0,0]} 1. c4
c5 2. Nf3 Nf6 3. g3 d5 4. cxd5 Nxd5 5. Bg2 Nc6 6. Nc3 g6 7. d3 Bg7 8. Bd2 O-O {
A34: Symmetrical English: 2 Nc3, lines with ...d5.} 9. h4 Nf6 $5 {[%mdl 4] [#]
An interesting side line.} 10. Na4 $146 (10. Be3 $11) ({Predecessor:} 10. Qc1
Bg4 11. Nh2 Bd7 12. Bh6 Bxh6 13. Qxh6 Nd4 14. Qd2 Qc7 15. e3 Bc6 16. Ne4 Bxe4
17. dxe4 {1/2-1/2 (31) Aronian,L (2758)-Vachier Lagrave,M (2774) Khanty
Mansiysk 2019}) 10... b6 $15 {Black is slightly better.} 11. Rc1 Bb7 12. O-O
Rc8 13. Ne5 Nd5 14. Nxc6 Bxc6 15. h5 (15. Nc3 $15) 15... gxh5 $17 16. Bg5 (16.
Nc3 $17) 16... Qd7 $1 $19 17. b3 Nb4 18. Bxc6 (18. Qd2 $142) 18... Rxc6 (18...
Qxc6 19. a3 $17) (18... Nxc6 19. Nc3 $17) 19. Rc4 Rg6 (19... Nxa2 20. Bd2 $19)
20. Bd2 (20. Qd2) 20... Nd5 (20... Qh3 $142 21. Bxb4 cxb4) 21. Rh4 f5 22. e4
Nf6 23. exf5 (23. Qe2 $142) 23... Qxf5 {And now ...Ng4 would win.} 24. Qe2 (24.
Nc3 {is the only way for White.}) 24... Rg4 (24... Ng4 $142 25. Qe4 Qxe4 26.
dxe4 Ne5) 25. Rxg4 Nxg4 26. Bc3 Rf7 27. Bxg7 Rxg7 28. d4 $2 (28. Nc3 $17) 28...
cxd4 29. Qc4+ Rf7 {aiming for ...h4.} 30. Qxd4 Ne5 {Threatens to win with ...
Nf3+.} 31. f4 {[#]} Qh3 $1 32. Qd8+ ({But not} 32. Qxe5 $2 Qxg3+ 33. Kh1 Qh3+
34. Kg1 Rg7+ 35. Qxg7+ Kxg7 $19) (32. Qd2 Qxg3+) 32... Kg7 33. Rf2 {[#]} Ng4
$40 {[%mdl 128] Black attacks with force.} (33... Kh6 $1 $19 {has better
winning chances.} 34. Qd5 Qxg3+ {[%mdl 64] Double Attack} 35. Qg2 Qh4 36. Qg5+
{[%mdl 64] Decoy} (36. fxe5 $2 Rg7 $19) 36... Qxg5+ 37. fxg5+ Kxg5 38. Rg2+ Ng4
) 34. Rg2 $17 Nf6 ({Much worse is} 34... b5 $6 35. Nc5 $11) 35. Nc3 Qf5 {
Strongly threatening ...Qc5+.} 36. Qd4 e6 37. Re2 Rd7 $1 {[%cal Rd7d4]} 38. Qf2
(38. Qc4) 38... Ng4 39. Qf3 (39. Qe1 $142 Rd3 40. Ne4) 39... Rd3 $19 40. Qb7+
Kg6 41. Ne4 Qd5 42. Qe7 {[#]} (42. Qxd5 $19 exd5 43. Nd6) 42... Rd1+ $1 43. Kg2
{[#]} Rd4 $2 (43... Rg1+ $1 {[%mdl 512] mates} 44. Kxg1 Qd1+ {[%mdl 64] Double
Attack} 45. Kg2 Qxe2+ {[%mdl 64] Double Attack} 46. Kg1 Qe1+ 47. Kg2 Qxe4+ 48.
Kf1 Qf3+ {[%mdl 64] Double Attack} 49. Ke1 Qf2+ {[%mdl 64] Double Attack} 50.
Kd1 Ne3+ 51. Kc1 Qc2#) 44. Qe8+ {The position is equal.} Kg7 45. Qe7+ Kg6 46.
Qe8+ Kg7 {Weighted Error Value: White=0.74/Black=0.61} 1/2-1/2